00618cam a2200181 450000500170000000800430001702000180006005000250007810000440010324501190014725000110026626000270027730000210030444000310032550400290035665000200038565000310040520150414134343.0 1991 mx spa  a968-496-193-6 4aBF575 .A3b R88 19911 aRuvalcaba Mercado, Jesúse[1950- ?]10aSociedad y violencia :b Extracción y concentración de excedentes en la Huasteca /cJesús Ruvalcaba Mercado. a1a ed. aMéxico :bSEP,c1991 a155 p. ;c22 cm. 0aCuadernos de la Casa Chata aBibliografia: p. 137-155 4aConducta humana 7aAgresividad xPsicología